000 00498ntaaa2200193 4500
003 01
005 20251027202024.0
008 0714s1973 ag 01
040 _aAR-BaBN
_bspa
_cAR-BaBN
_eaacr
_dRIC
082 _a248.8300 L62d
100 _aLima, Tiago
_918888
245 _aDios, tú y la escuela
250 _a1 ed.
260 _aEl Paso :
_bCasa Bautista de Publicaciones,
_c1974
300 _a31 p
500 _aConsejo para jóvenes
650 _ajovenes-vida cristiana
_95243
942 _cBK
999 _c15026
_d15026